000 00594nam a2200181Ia 4500
003 GCL
008 140319s9999 xx 000 0 ara d
040 _aGCL /
_cGCL
082 0 4 _a364
_bم ج
100 1 _aمحمد شفيق
245 1 0 _aالجريمة والمجتمع : محاضرات فى الاجتماع الجنائى والدفاع الاجتماعى /
_cمحمد شفيق
300 _a280 ص
490 _a100 قصة
_v0
650 0 4 _aالخدمة الاجتماعية
650 0 4 _aالاجتماع الجنائى
650 0 4 _aالدفاع الاجتماعى
942 _2ddc
_cBK
999 _c43939
_d43939